Países mas pequeños de cada continente - Estadísticas

Estadísticas generales
  • Esta prueba ha sido intentada 40 veces
  • La puntuación promedio es 25 de 30
Estadísticas de respuestas
Continente Km² País % Correcto
Europa 0’44 Ciudad del Vaticano
100%
Europa 2 Mónaco
100%
Europa 160 Liechtenstein
94%
Europa 316 Malta
94%
Europa 61 San Marino
94%
Sudamérica 283561 Ecuador
88%
Sudamérica 214969 Guyana
88%
África 2040 Mauricio
88%
Sudamérica 406752 Paraguay
88%
Norteamérica 261 San Cristóbal y Nieves
88%
África 964 Santo Tomé y Príncipe
88%
Asia 728 Singapur
88%
Sudamérica 163820 Surinam
88%
Oceanía 26 Tuvalu
88%
Sudamérica 176215 Uruguay
88%
Norteamérica 430 Barbados
84%
Asia 768 Baréin
84%
Oceanía 21 Nauru
84%
Norteamérica 616 Santa Lucía
84%
Norteamérica 389 San Vicente y las Granadinas
84%
África 455 Seychelles
84%
África 2235 Comoras
81%
Oceanía 181 Islas Marshall
81%
Oceanía 811 Kiribati
81%
Asia 5765 Brunéi
78%
Asia 298 Maldivas
75%
Oceanía 459 Palaos
72%
Norteamérica 442 Antigua y Barbuda
66%
Asia 9251 Chipre
59%
África 11295 Gambia
56%
No se encontraron pruebas coincidentes
Distribución de puntuación
Porcentaje de gente con cada puntuación
Porcentaje por número respondido
Historial de tus puntuaciones
No has intentado esta prueba.